00530nam a2200193 a 4500001001300000003000900013005001700022008004100039020002300080082001600103100001900119245006000138260004800198300000900246500003500255505001000290650001700300700001900317nice12345678IN_TiNIC20260116014315.0050802s2005 newa grp 000 0 eng  a8183706940 c50000a303.66bHUS aHussain, Imdad aThe Guwahati Declaration and the Road to Peace in Assam aNew Delhi bAkansha Publishing House c2005 a200p aincludes index and biblioraphy2 aIndex aPeace-Making1 aHussain, Imdad